|
|
|
|
| LEADER |
00738nab a2200205 i 4500 |
| 001 |
tisza22344 |
| 005 |
20200331094808.0 |
| 008 |
170512s2014 hu o 0|| hun d |
| 022 |
|
|
|a 0133-1167
|
| 040 |
|
|
|a SZTE Tiszatáj Archívum
|b hun
|
| 041 |
|
|
|a hun
|
| 100 |
1 |
|
|a Balázs Imre József
|
| 245 |
1 |
0 |
|a Urbánus romok
|h [elektronikus dokumentum] :
|b Térey János: Moll : [könyvismertetés] /
|c Balázs Imre József
|
| 260 |
|
|
|c 2014
|
| 300 |
|
|
|a 97-100
|
| 490 |
0 |
|
|a Tiszatáj
|v 68 No. 12
|
| 695 |
|
|
|a Magyar irodalom - vers, Magyar irodalom - könyvismertetés, Irodalmi kritika
|
| 700 |
0 |
2 |
|a Széri-Varga Géza
|
| 700 |
0 |
2 |
|a Térey János
|
| 856 |
4 |
0 |
|u http://tiszataj.bibl.u-szeged.hu/22344/1/tiszataj_2014_012_097-100.pdf
|z Dokumentum-elérés
|